Responses for Show #7479 - Thursday, March 2, 2017

Contestants

[<< previous game]

Crista Calderon, an instructional technology specialist from Spokane, Washington

Nil Jones, a developer consultant from Portland, Oregon

Rob Liguori, a research editor from Brooklyn, New York (whose 2-day cash winnings total $40,001)

[next game >>]

Jeopardy! Round responses

THE NORTHERNMOST SPORTS FRANCHISE
BOATS & BOATING
FOOD & DRINK BRANDS
MIDDLE X
SIR THOMAS MORE
ZOO-TOPIA
    $200 21
(Alex: Less than a minute now.)

the Mariners

Crista
    $200 5
buoys

Nil
    $200 10
Coca-Cola

Rob
    $200 12
(Crista: What is a... something?)

an axe

NilCrista
    $200 16
Communism

Nil
    $200 1
Nixon

Rob
    $400 23
the Colts

Crista
    $400 6
a ketch

Rob
    $400 11
Häagen-Dazs

Nil
    $400 13
a pixie

Triple Stumper
    $400 17
drawn and quartered

Rob
    $400 2
the San Diego Zoo

Crista
    $600 25
the (Ottawa) Senators

Rob
    $600 7
marina

Crista
    $2,000 18
Wild Turkey

Rob
    $600 14
boxer

Rob
    $600 3
(Nil: What are lemurs?)

meerkats

NilCrista
    $800 26
the Warriors

Crista
    $800 8
personal flotation devices

Rob
    $800 19
Banquet

Triple Stumper
    $800 15
moxie

Nil
    $800 4
gorillas

Rob
    $1000 27
[The end-of-round signal sounds.]

the (Chicago) Fire

Rob
    $1000 9
Britannia

Triple Stumper
    $1000 22
Sapporo

Rob
    $1000 20
maxim

Rob
    $1000 24
(Nil: What is Chicago?)

St. Louis

Nil
Triple Stumper

Scores at the first commercial break (after clue 15):

Rob Nil Crista
$3,000 $1,000 $1,400

Scores at the end of the Jeopardy! Round:

Rob Nil Crista
$9,000 $200 $2,800

Double Jeopardy! Round responses

TENNESSEE HISTORY
THE POET WRITES
5-LETTER FILM SYNOPSES
POTPOURRI
SOUTH AMERICA
SWEAR WORDS
    $400 18
Miss America

Crista
    $400 23
(Nil: Who is Eliot?)
...
(Alex: Less than a minute to go now.)

Alfred, Lord Tennyson

Nil
Triple Stumper
    $400 10
Fargo

Nil
    $400 7
(Tom) Brady

Rob
    $400 11
coffee

Rob
    $400 1
vows

Rob
    $800 19
the Commodores

Rob
    $800 24
cummings

Rob
    $800 6
Shrek

Rob
    $800 4
a crew cut

Crista
    $1,000 17
(Crista: Um... what is the Ivory Coast?)

French Guiana

Crista
    $800 2
cross my heart

Crista
    $1,500 20
Oak Ridge

Rob
    $1200 25
(Nil: Who is Keats?)

Samuel Taylor Coleridge

Nil
Triple Stumper
    $1200 5
(Rob: What is Rocky Balboa?)

Creed

Rob
Triple Stumper
    $1200 8
(Sheryl) Sandberg

Rob
    $1200 26
(Rob: What is an emu?)

a rhea

RobNil
    $1200 3
testify

Rob
    $1600 21
(Nil: What is malaria?)

cholera

RobNil
    $1600 15
(Nil: What is Tootsie?)

Yentl

NilCrista
    $1600 13
farfalle

Crista
    $1600 9
honor

Rob
    $2000 22
Knoxville

Triple Stumper
    $2000 28
(Nil: Who is Keats?)
[The end-of-round signal sounds.]

Shelley

Nil
Triple Stumper
    $2000 16
Klute

Crista
    $2000 14
the Sargasso Sea

Rob
    $2000 27
Quechua

Nil
    $2000 12
warrant

Triple Stumper

Scores at the end of the Double Jeopardy! Round:

Rob Nil Crista
$19,300 -$3,000 $9,000
(lock game)

[wagering suggestions for these scores]

Final Jeopardy! Round responses

SIGNERS OF THE CONSTITUTION
(Alex: [To Rob] You were close. Fort McHenry in Baltimore.)
CristaWho is Thomas Jefferson?
$1,000
RobWho is Baltimore?
$700
James McHenry

Final scores:

Rob Nil Crista
$18,600 -$3,000 $8,000
3-day champion: $58,601 3rd place: $1,000 2nd place: $2,000

Game dynamics:

Coryat scores:

Rob Nil Crista
$17,600 -$3,000 $10,000
24 R
(including 2 DDs),
2 W
8 R,
7 W
12 R,
2 W
(including 1 DD)

Combined Coryat: $24,600

[game clues] [game scores] [suggest correction]

Game tape date: Unknown
The J! Archive is created by fans, for fans. Scraping, republication, monetization, and malicious use prohibited; this site may use cookies and collect identifying information. See terms. The Jeopardy! game show and all elements thereof, including but not limited to copyright and trademark thereto, are the property of Jeopardy Productions, Inc. and are protected under law. This website is not affiliated with, sponsored by, or operated by Jeopardy Productions, Inc. Join the discussion at JBoard.tv.